<?xml version="1.0" encoding="UTF-8"?>
<record
    xmlns:xsi="http://www.w3.org/2001/XMLSchema-instance"
    xsi:schemaLocation="http://www.loc.gov/MARC21/slim http://www.loc.gov/standards/marcxml/schema/MARC21slim.xsd"
    xmlns="http://www.loc.gov/MARC21/slim">

  <leader>01040nam a2200253Ia 4500</leader>
  <controlfield tag="003">OSt</controlfield>
  <controlfield tag="005">20241017152935.0</controlfield>
  <controlfield tag="008">200731s9999    xx            000 0 und d</controlfield>
  <datafield tag="020" ind1=" " ind2=" ">
    <subfield code="a">7214041480</subfield>
  </datafield>
  <datafield tag="020" ind1=" " ind2=" ">
    <subfield code="a">9787214041487</subfield>
  </datafield>
  <datafield tag="040" ind1=" " ind2=" ">
    <subfield code="c">0</subfield>
  </datafield>
  <datafield tag="041" ind1=" " ind2=" ">
    <subfield code="a">chi</subfield>
  </datafield>
  <datafield tag="050" ind1=" " ind2=" ">
    <subfield code="a">BP50</subfield>
    <subfield code="b">.Y57 2006</subfield>
  </datafield>
  <datafield tag="100" ind1=" " ind2=" ">
    <subfield code="a">&#x91D1;&#x5B9C;&#x4E45;</subfield>
  </datafield>
  <datafield tag="245" ind1=" " ind2=" ">
    <subfield code="a">&#x4F0A;&#x65AF;&#x5170;&#x6559;&#x53F2;</subfield>
    <subfield code="b"> /</subfield>
    <subfield code="c">&#x91D1;&#x5B9C;&#x4E45; </subfield>
  </datafield>
  <datafield tag="246" ind1=" " ind2=" ">
    <subfield code="a">&#x4F0A;&#x65AF;&#x862D;&#x6559;&#x53F2;</subfield>
  </datafield>
  <datafield tag="260" ind1=" " ind2=" ">
    <subfield code="a">&#x5357;&#x4EAC;:</subfield>
    <subfield code="b">&#x6C5F;&#x82CF;&#x4EBA;&#x6C11;&#x51FA;&#x7248;&#x793E;,</subfield>
    <subfield code="c">2006</subfield>
  </datafield>
  <datafield tag="300" ind1=" " ind2=" ">
    <subfield code="a">18, 576 p.</subfield>
    <subfield code="b">;</subfield>
    <subfield code="c">23 cm.</subfield>
  </datafield>
  <datafield tag="500" ind1=" " ind2=" ">
    <subfield code="a">Previously published in 1990. </subfield>
  </datafield>
  <datafield tag="505" ind1=" " ind2=" ">
    <subfield code="a">&#x8BE5;&#x4E66;&#x662F;&#x53D7;&#x56FD;&#x5BB6;&#x6559;&#x80B2;&#x59D4;&#x5458;&#x4F1A;&#x59D4;&#x6258;&#x4E3A;&#x6211;&#x56FD;&#x9AD8;&#x7B49;&#x9662;&#x6821;&#x5B66;&#x751F;&#x7F16;&#x5199;&#x7684;&#x6559;&#x6750;&#xFF0C;&#x5177;&#x6709;&#x53F2;&#x6599;&#x4E30;&#x5BCC;&#x3001;&#x6761;&#x7406;&#x6E05;&#x6670;&#x3001;&#x901A;&#x4FD7;&#x6613;&#x61C2;&#x7684;&#x7279;&#x8272;&#x3002;&#x4E66;&#x672B;&#x9644;&#x6709;6&#x4E2A;&#x8868;&#x683C;&#x548C;&#x4E3B;&#x9898;&#x8BCD;&#x76EE;&#x7D22;&#x5F15;&#xFF0C;&#x4FBF;&#x4E8E;&#x67E5;&#x9605;&#x3001;&#x68C0;&#x67E5;&#x3001;&#x53C2;&#x8003;&#x3002;&#x8BE5;&#x4E66;&#x4E3A;&#x4E2D;&#x56FD;&#x5B66;&#x672F;&#x754C;&#x9996;&#x90E8;&#x4F0A;&#x65AF;&#x5170;&#x6559;&#x901A;&#x53F2;&#x8457;&#x4F5C;&#xFF0C;&#x5BF9;&#x4E86;&#x89E3;&#x3001;&#x7814;&#x7A76;&#x4F0A;&#x65AF;&#x5170;&#x6559;&#x7684;&#x5386;&#x53F2;&#xFF0C;&#x6709;&#x4E00;&#x5B9A;&#x53C2;&#x8003;&#x4EF7;&#x503C;&#x3002;&#x7531;&#x4E2D;&#x56FD;&#x793E;&#x4F1A;&#x79D1;&#x5B66;&#x51FA;&#x7248;&#x793E;1990&#x5E74;8&#x6708;&#x51FA;&#x7248;&#x3002;</subfield>
  </datafield>
  <datafield tag="650" ind1=" " ind2=" ">
    <subfield code="a">Islam -- China -- History.&#xA0;</subfield>
  </datafield>
  <datafield tag="650" ind1=" " ind2=" ">
    <subfield code="a">Islam -- History.</subfield>
  </datafield>
  <datafield tag="942" ind1=" " ind2=" ">
    <subfield code="2">ddc</subfield>
    <subfield code="c">CB</subfield>
  </datafield>
  <datafield tag="952" ind1=" " ind2=" ">
    <subfield code="0">0</subfield>
    <subfield code="1">0</subfield>
    <subfield code="2">LCC</subfield>
    <subfield code="4">0</subfield>
    <subfield code="7">0</subfield>
    <subfield code="a">GETS</subfield>
    <subfield code="b">GETS</subfield>
    <subfield code="c">GEN</subfield>
    <subfield code="d">2020-07-09</subfield>
    <subfield code="l">0</subfield>
    <subfield code="o">BP50 .Y57 2006</subfield>
    <subfield code="p">00000110</subfield>
    <subfield code="r">2020-07-09 00:00:00</subfield>
    <subfield code="w">2020-07-09</subfield>
    <subfield code="y">CB</subfield>
  </datafield>
  <datafield tag="952" ind1=" " ind2=" ">
    <subfield code="0">0</subfield>
    <subfield code="1">0</subfield>
    <subfield code="2">LCC</subfield>
    <subfield code="4">0</subfield>
    <subfield code="7">0</subfield>
    <subfield code="a">GETS</subfield>
    <subfield code="b">GETS</subfield>
    <subfield code="c">GEN</subfield>
    <subfield code="d">2020-11-25</subfield>
    <subfield code="l">0</subfield>
    <subfield code="o">BP50 .Y57 2006</subfield>
    <subfield code="p">00019303</subfield>
    <subfield code="r">2020-11-25 00:00:00</subfield>
    <subfield code="t">c. 2</subfield>
    <subfield code="w">2020-11-25</subfield>
    <subfield code="y">CB</subfield>
  </datafield>
  <datafield tag="999" ind1=" " ind2=" ">
    <subfield code="c">110</subfield>
    <subfield code="d">110</subfield>
  </datafield>
</record>
